Basic Physics and Measurement in Anaesthesia (Record no. 246613)

MARC details
000 -LEADER
fixed length control field 00504nam a2200193Ia 4500
008 - FIXED-LENGTH DATA ELEMENTS--GENERAL INFORMATION
fixed length control field 240913s9999||||xx |||||||||||||| ||und||
082 ## - DEWEY DECIMAL CLASSIFICATION NUMBER
-- 617.96 Q2
100 ## - MAIN ENTRY--PERSONAL NAME
Personal name Davis,Paul
245 #0 - TITLE STATEMENT
Title Basic Physics and Measurement in Anaesthesia
250 ## - EDITION STATEMENT
Edition statement 5th
260 ## - PUBLICATION, DISTRIBUTION, ETC. (IMPRINT)
Date of publication, distribution, etc 2012
Name of publisher, distributor, etc Butterworth Heinenann,Burli
500 ## - GENERAL NOTE
General note REFERENCE
650 ## - SUBJECT ADDED ENTRY--TOPICAL TERM
Topical term or geographic name as entry element Perfusion Technology
700 ## - ADDED ENTRY--PERSONAL NAME
Personal name Keny,Gavin N C
942 ## - ADDED ENTRY ELEMENTS (KOHA)
Item type Reference
Holdings
Withdrawn status Lost status Damaged status Permanent location Current location Shelving location Date acquired Source of acquisition Full call number Barcode Date last seen Koha item type
      CENTRAL LIBRARY, NOORUL ISLAM CENTRE FOR HIGHER EDUCATION CENTRAL LIBRARY, NOORUL ISLAM CENTRE FOR HIGHER EDUCATION   02/14/2018 Gift from NIMS 617.96 Q2 77681 09/13/2024 Reference
Visitors:
Copyright © 2024 Central Library NICHE.  All rights reserved.